[Event "SVK-chT3B2 2223"]
[Site "Slovakia"]
[Date "2022.12.18"]
[Round "4.7"]
[White "Duda, Daniel"]
[Black "Jurik, Dominik"]
[Result "1-0"]
[WhiteElo "1448"]
[BlackElo "1206"]
[PlyCount "81"]
[EventDate "2022.10.23"]
[EventType "team-tourn"]
[EventRounds "11"]
[EventCountry "SVK"]
[SourceTitle "EXT 2024"]
[Source "ChessBase"]
[SourceDate "2023.10.10"]
[SourceVersion "1"]
[SourceVersionDate "2023.10.10"]
[SourceQuality "1"]
[WhiteTeam "Dubnica nad Vahom IV"]
[BlackTeam "Povazske Podhradie III"]
[WhiteTeamCountry "SVK"]
[BlackTeamCountry "SVK"]

1. d4 d6 2. e4 Nf6 3. Nc3 g6 4. Nf3 Bg7 5. Bd3 0-0 6. 0-0 Bg4 7. Bg5 Nbd7 8. h3 Bxf3 9. Qxf3 e5 10. d5 a6 11. Rfe1 h6 12. Bh4 g5 13. Bg3 Nc5 14. Bf1 Re8 15. b4 Ncd7 16. b5 Nc5 17. bxa6 bxa6 18. Rab1 Qd7 19. Bc4 Rab8 20. Rxb8 Rxb8 21. Qe2 Qc8 22. f3 Nfd7 23. Bf2 f6 24. Nd1 Rb1 25. Ne3 Rxe1+ 26. Bxe1 Nb6 27. Nf5 Kf7 28. Bf2 Nxc4 29. Qxc4 Nd7 30. Nxd6+ cxd6 31. Qxc8 Ke7 32. Qxa6 h5 33. Qb7 h4 34. a4 Ke8 35. a5 Bf8 36. a6 Nc5 37. Bxc5 dxc5 38. a7 Be7 39. Qc8+ Kf7 40. a8Q c4 41. Qg8# 1-0

[Event "SVK-chT3B2 2223"]
[Site "Slovakia"]
[Date "2022.12.04"]
[Round "3.7"]
[White "Jurik, Dominik"]
[Black "Krisko, Milan"]
[Result "0-1"]
[WhiteElo "1206"]
[BlackElo "1699"]
[PlyCount "58"]
[EventDate "2022.10.23"]
[EventType "team-tourn"]
[EventRounds "11"]
[EventCountry "SVK"]
[SourceTitle "EXT 2024"]
[Source "ChessBase"]
[SourceDate "2023.10.10"]
[SourceVersion "1"]
[SourceVersionDate "2023.10.10"]
[SourceQuality "1"]
[WhiteTeam "Povazske Podhradie III"]
[BlackTeam "Handlova"]
[WhiteTeamCountry "SVK"]
[BlackTeamCountry "SVK"]

1. d4 d5 2. Bf4 Nf6 3. e3 e6 4. Nf3 Bd6 5. Bg3 0-0 6. Bd3 b6 7. Nbd2 Bb7 8. c3 c5 9. b3 Qc7 10. Qc2 Nbd7 11. 0-0 Rac8 12. Rac1 g6 13. Bxd6 Qxd6 14. e4 dxe4 15. Bxe4 Nxe4 16. Nxe4 Qf4 17. Rfe1 Nf6 18. Nxf6+ Qxf6 19. Ne5 Rfd8 20. dxc5 Rxc5 21. Qe2 Rcd5 22. Ng4 Qg5 23. f3 Rd2 24. Qf1 Rxa2 25. h3 Rdd2 26. Ra1 h5 27. Rxa2 Rxa2 28. Nh2 Qc5+ 29. Kh1 Qxc3 0-1

[Event "SVK-chT3B2 2122"]
[Site "Slovakia"]
[Date "2022.04.03"]
[Round "7.7"]
[White "Kysucky, Tomas"]
[Black "Jurik, Dominik"]
[Result "0-1"]
[WhiteElo "1000"]
[BlackElo "1159"]
[PlyCount "44"]
[EventDate "2021.10.24"]
[EventType "team-tourn"]
[EventRounds "11"]
[EventCountry "SVK"]
[SourceTitle "EXT 2024"]
[Source "ChessBase"]
[SourceDate "2023.10.10"]
[SourceVersion "1"]
[SourceVersionDate "2023.10.10"]
[SourceQuality "1"]
[WhiteTeam "Puchov Vcielka"]
[BlackTeam "Povazske Podhradie II"]
[WhiteTeamCountry "SVK"]
[BlackTeamCountry "SVK"]

1. d4 d6 2. e4 Nf6 3. Nd2 g6 4. b3 Bg7 5. Bb2 0-0 6. Ngf3 Bg4 7. Bc4 Nbd7 8. 0-0 e5 9. h3 Bxf3 10. Qxf3 Re8 11. d5 a6 12. Be2 c6 13. dxc6 bxc6 14. Rfd1 Nc5 15. Nc4 Ncxe4 16. Qe3 Qc7 17. f3 Ng3 18. Nxd6 Red8 19. Qxe5 Nxe2+ 20. Kh2 Nh5 21. Qxe2 Bxb2 22. Rab1 Rxd6 0-1